书目信息 |
| 题名: |
双螺旋
|
|
| 作者: | 沃森 ;田洺 | |
| 分册: | ||
| 出版信息: | 北京 生活.读书.新知三联书店 2001 |
|
| 页数: | 189 | |
| 开本: | 20cm | |
| 丛书名: | ||
| 单 册: | ||
| 中图分类: | Q523 | |
| 科图分类: | ||
| 主题词: | 核酸 | |
| 电子资源: | ||
| ISBN: | 7-108-01559-5 | |
| 000 | 00630nam0 2200205 450 | |
| 001 | 0741144344 | |
| 005 | 20070817112544.34 | |
| 010 | @a7-108-01559-5@d¥13.80 | |
| 100 | @a20070817d km y0chiy0120 ea | |
| 101 | 0 | @achi |
| 200 | 1 | @a双螺旋@Ashuang luo xuan@e发现DNA结构的个人经历@f(美)沃森@F(mei)wo sen@g田洺@Gtian ming |
| 210 | @a北京@c生活.读书.新知三联书店@d2001 | |
| 215 | @a189@c插图@d20cm | |
| 517 | 1 | @a发现DNA结构的个人经历@Afa xian DNA jie gou de ge ren jing li |
| 606 | 0 | @a核酸 |
| 690 | @aQ523@v3 | |
| 701 | 0 | @a沃森@Awo sen |
| 702 | 0 | @a田洺@Atian ming |
| 801 | 0 | @aCN@bPFT@c20070817 |
| 905 | @a213230@dQ523@en2@f1 | |
| 双螺旋:发现DNA结构的个人经历/(美)沃森/田洺.-北京:生活.读书.新知三联书店,2001 |
| 189:插图;20cm |
| ISBN 7-108-01559-5:¥13.80 |
| ● |
| 相关链接 |
|
|
|
|
正题名:双螺旋
索取号:Q523/n2
 
预约/预借
| 序号 | 登录号 | 条形码 | 馆藏地/架位号 | 状态 | 备注 |
| 1 | 6600205 | 266002050 | 密集书库-生命科学系/ [索取号:Q523/n2] | 在馆 |